Fenster im Papier : die imaginäre Kollision der Architektur mit der Schrift oder die Gedächtnisrevolution der Renaissance

Saved in:
Bibliographic Details
Main Author: Samsonow, Elisabeth von (Author, VerfasserIn)
Document Type: Online Resource Book
Language:German
Published: München : Fink , 2001
Subjects:
Online Access:kostenfrei
kostenfrei
Rezension
Related Items:Elektronische Reproduktion von: Fenster im Papier
Rezensiert in: [Rezension von: Elisabeth von Samsonow, Fenster im Papier]
Author Notes:Elisabeth von Samsonow
LEADER 06279cam a2201381 c 4500
001 1652437592
003 DE-627
005 20260226224824.0
007 cr uuu---uuuuu
008 130607s2001 gw |||||o 00| ||ger c
020 |a 377053574X  |9 3-7705-3574-X 
024 7 |a urn:nbn:de:bvb:12-bsb00041163-2  |2 urn 
035 |a (DE-627)1652437592 
035 |a (DE-576)383344549 
035 |a (DE-599)BSZ383344549 
035 |a (DE-627-1)000078565 
035 |a (DE-604)BDR-BV013879942-39583 
040 |a DE-627  |b ger  |c DE-627  |e rda 
041 |a ger 
044 |c XA-DE 
050 0 |a BF381  |a BF381 
084 |a 9,10  |2 ssgn 
084 |a IB 1600  |2 rvk  |0 (DE-625)rvk/54495: 
084 |a LH 67160  |2 rvk  |0 (DE-625)rvk/94583: 
084 |a 56.62  |2 bkl 
084 |a 02.01  |2 bkl 
084 |a 08.42  |2 bkl 
100 1 |a Samsonow, Elisabeth von  |d 1956-  |e VerfasserIn  |0 (DE-588)119399431  |0 (DE-627)080212425  |0 (DE-576)164103996  |4 aut 
245 1 0 |a Fenster im Papier  |b die imaginäre Kollision der Architektur mit der Schrift oder die Gedächtnisrevolution der Renaissance  |c Elisabeth von Samsonow 
264 1 |a München  |b Fink  |c 2001 
300 |a 273 Seiten  |b Illustrationen 
336 |a Text  |b txt  |2 rdacontent 
337 |a Computermedien  |b c  |2 rdamedia 
338 |a Online-Ressource  |b cr  |2 rdacarrier 
530 |a Volltext // 2009 digitalisiert von: Bayerische Staatsbibliothek, München. Exemplar der Bayerischen Staatsbibliothek mit der Signatur: PVA 2001.5227 
533 |a Online-Ausgabe  |b München  |c Bayerische Staatsbibliothek  |d 2009  |e 1 Online-Ressource  |n Volltext // 2009 digitalisiert von: Bayerische Staatsbibliothek, München. Exemplar der Bayerischen Staatsbibliothek mit der Signatur: PVA 2001.5227  |7 |2009|||||||||| 
648 4 |a Geschichte 1500-1650 
648 4 |a Geschichte 1500-1700 
650 4 |a Mnémotechnique - Renaissance 
650 4 |a Mémoire - Histoire 
650 4 |a Philosophie de la Renaissance 
650 4 |a Signes et symboles - Europe 
650 4 |a Geschichte 
650 4 |a Philosophie 
650 4 |a Art ; Philosophy 
650 4 |a Emblems 
650 4 |a Memory 
650 4 |a Memory ; History 
650 4 |a Mnemonics 
650 4 |a Mnemonics ; History 
650 4 |a Philosophy, Renaissance 
650 4 |a Kunst 
650 4 |a Imagination 
650 4 |a Subjekt ; Philosophie 
650 4 |a Architektur 
650 4 |a Schrift 
650 4 |a Gedächtnis 
650 4 |a Proportion 
650 4 |a Mnemotechnik 
689 0 0 |d s  |0 (DE-588)4053297-5  |0 (DE-627)104162376  |0 (DE-576)209103140  |a Schrift  |2 gnd 
689 0 1 |d s  |0 (DE-588)4019614-8  |0 (DE-627)106320807  |0 (DE-576)208930167  |a Gedächtnis  |2 gnd 
689 0 2 |d s  |0 (DE-588)4002851-3  |0 (DE-627)104280352  |0 (DE-576)208848975  |a Architektur  |2 gnd 
689 0 |5 (DE-627) 
689 1 0 |d s  |0 (DE-588)4183903-1  |0 (DE-627)105299251  |0 (DE-576)210021950  |a Subjekt  |g Philosophie  |2 gnd 
689 1 1 |d s  |0 (DE-588)4019614-8  |0 (DE-627)106320807  |0 (DE-576)208930167  |a Gedächtnis  |2 gnd 
689 1 2 |d s  |0 (DE-588)4072730-0  |0 (DE-627)104584807  |0 (DE-576)209188057  |a Imagination  |2 gnd 
689 1 |5 (DE-627) 
689 2 0 |d s  |0 (DE-588)4053297-5  |0 (DE-627)104162376  |0 (DE-576)209103140  |a Schrift  |2 gnd 
689 2 1 |d s  |0 (DE-588)4072730-0  |0 (DE-627)104584807  |0 (DE-576)209188057  |a Imagination  |2 gnd 
689 2 2 |d s  |0 (DE-588)4002851-3  |0 (DE-627)104280352  |0 (DE-576)208848975  |a Architektur  |2 gnd 
689 2 3 |a z  |2 gnd  |a Geschichte 1500-1700 
689 2 |5 (DE-627) 
689 3 0 |d s  |0 (DE-588)4114333-4  |0 (DE-627)105822957  |0 (DE-576)209483733  |a Kunst  |2 gnd 
689 3 1 |d s  |0 (DE-588)4138649-8  |0 (DE-627)105641103  |0 (DE-576)209687843  |a Mnemotechnik  |2 gnd 
689 3 2 |a z  |2 gnd  |a Geschichte 1500-1650 
689 3 |5 (DE-627) 
689 4 0 |d s  |0 (DE-588)4002851-3  |0 (DE-627)104280352  |0 (DE-576)208848975  |a Architektur  |2 gnd 
689 4 1 |d s  |0 (DE-588)4137270-0  |0 (DE-627)105651303  |0 (DE-576)209676205  |a Proportion  |2 gnd 
689 4 2 |a z  |2 gnd  |a Geschichte 1500-1650 
689 4 |5 (DE-627) 
776 1 |z 377053574X 
776 0 8 |i Elektronische Reproduktion von  |a Samsonow, Elisabeth von, 1956 -   |t Fenster im Papier  |d München : Fink, 2001  |h 273 S  |w (DE-627)325325316  |w (DE-576)089280628  |z 377053574X 
787 0 8 |i Rezensiert in  |a Mödersheim, Sabine, 1959 -   |t [Rezension von: Elisabeth von Samsonow, Fenster im Papier]  |d 2002  |w (DE-627)1920835393 
856 4 0 |u http://mdz-nbn-resolving.de/urn:nbn:de:bvb:12-bsb00041163-2  |m X:DE-12  |x Resolving-System  |z kostenfrei  |7 0 
856 4 0 |u https://nbn-resolving.org/urn:nbn:de:bvb:12-bsb00041163-2  |m X:DE-12  |x Resolving-System  |z kostenfrei  |7 0 
856 4 2 |u https://swbplus.bsz-bw.de/bsz089280628rez.htm  |m V:DE-576  |v 2005-08-09  |3 Rezension  |7 1 
912 |a ZDB-57-DFS 
936 r v |a IB 1600  |b Beziehungen zu anderen Gebieten  |k Romanistik  |k Romanische Sprachen und Literaturen  |k Romanische Literaturen  |k Beziehungen zu anderen Gebieten  |0 (DE-627)1271020521  |0 (DE-625)rvk/54495:  |0 (DE-576)201020521 
936 r v |a LH 67160  |b Architektursoziologie. Beziehungen der Architektur zu anderen Gebieten  |k Kunstgeschichte  |k Allgemeines. Allgemeine Kunstgeschichte  |k Kunstgeschichte einzelner Gattungen der Kunst  |k Architektur  |k Architektursoziologie. Beziehungen der Architektur zu anderen Gebieten  |0 (DE-627)1271105950  |0 (DE-625)rvk/94583:  |0 (DE-576)201105950 
936 b k |a 56.62  |j Architekturtheorie  |j Architekturentwicklung  |q SEPA  |0 (DE-627)181570572 
936 b k |a 02.01  |j Geschichte der Wissenschaft und Kultur  |q SEPA  |0 (DE-627)106403168 
936 b k |a 08.42  |j Kulturphilosophie  |q SEPA  |0 (DE-627)106403036 
936 s n |a i100  |2 mzub 
936 s n |a c100  |2 mzub 
936 s n |a c200  |2 mzub 
936 s n |a a200  |2 mzub 
936 s n |a z210  |2 mzub 
951 |a BO 
994 |u https://www.digitale-sammlungen.de/en/view/bsb00041163 
994 |u https://www.digitale-sammlungen.de/en/view/bsb00041163 
990 |a Schrift 
990 |a Gedächtnis 
990 |a Architektur 
990 |a Subjekt 
990 |a Gedächtnis 
990 |a Imagination 
990 |a Schrift 
990 |a Imagination 
990 |a Architektur 
990 |a Geschichte 1500-1700 
990 |a Kunst 
990 |a Mnemotechnik 
990 |a Geschichte 1500-1650 
990 |a Architektur 
990 |a Proportion 
990 |a Geschichte 1500-1650 
991 |a Rezensiertes Werk 
999 |a KXP-PPN1652437592  |e 4949244566